First encyclopedia of our world (Record no. 6857)

MARC details
000 -LEADER
fixed length control field 01089nam a22002657a 4500
001 - CONTROL NUMBER
control field 6857
003 - CONTROL NUMBER IDENTIFIER
control field FISKH
005 - DATE AND TIME OF LATEST TRANSACTION
control field 20250826102145.0
008 - FIXED-LENGTH DATA ELEMENTS--GENERAL INFORMATION
fixed length control field 250603b cb ||||| |||| 00| 0 eng d
020 ## - INTERNATIONAL STANDARD BOOK NUMBER
International Standard Book Number 9780545372398
040 ## - CATALOGING SOURCE
Original cataloging agency FISKH
Language of cataloging eng
Transcribing agency FISKH
Modifying agency FISKH
050 ## - LIBRARY OF CONGRESS CALL NUMBER
Classification number QH48 .B86
082 ## - DEWEY DECIMAL CLASSIFICATION NUMBER
Classification number 508.03
100 ## - MAIN ENTRY--PERSONAL NAME
Personal name Brooks, Felicity
245 ## - TITLE STATEMENT
Title First encyclopedia of our world
Statement of responsibility, etc. Felicity Brooks ; Illustrated by Dacid Hancock ; Designed by Susannah Owen
300 ## - PHYSICAL DESCRIPTION
Extent 64 pages :
Other physical details color illustrations ;
Dimensions 28 cm
505 ## - FORMATTED CONTENTS NOTE
Formatted contents note R<br/>
520 ## - SUMMARY, ETC.
Summary, etc. A bright, lively introduction to our world with simple text, amazing photographs and detailed illustrations. Provides simple explanations to questions such as "Why is night dark?" "How do earthquakes happen?" and "What is under the sea?" Includes free downloadable pictures and internet links to carefully selected fun websites.
521 8# - TARGET AUDIENCE NOTE
Target audience note 720<br/><br/>
Source Lexile<br/>
521 8# - TARGET AUDIENCE NOTE
Target audience note R<br/>
Source Raz-Plus
650 ## - SUBJECT ADDED ENTRY--TOPICAL TERM
Topical term or geographic name entry element Earth Science
Form subdivision Encyclopedia
General subdivision Geography
700 ## - ADDED ENTRY--PERSONAL NAME
Personal name Hancock, Dacid
Relator term illustrator
942 ## - ADDED ENTRY ELEMENTS (KOHA)
Source of classification or shelving scheme Dewey Decimal Classification
Koha item type Books
Suppress in OPAC No
Holdings
Withdrawn status Lost status Source of classification or shelving scheme Damaged status Not for loan Collection Home library Current library Shelving location Date acquired Total Checkouts Full call number Barcode Date last seen Date last checked out Copy number Price effective from Koha item type
    Dewey Decimal Classification     Non-Fiction Footprints International School Library Network Toul Kork Campus Footprints International School Library Network Toul Kork Campus TK Primary Library Room(4th Floor), Bookcase 5&6, Shelves 33-56, Orange Books 06/03/2025 1 BRO 508.03 QH48 .B86 FISTK00717 02/10/2026 02/03/2026 1 06/03/2025 Books
    Dewey Decimal Classification     Non-Fiction Footprints International School Library Network Toul Tom Poung Campus Footprints International School Library Network Toul Tom Poung Campus TTP Primary Orange Bookshelves 08/14/2025   BRO 508.03 QH48 .B86 FISBK05676 08/14/2025   2 08/14/2025 Books
    Dewey Decimal Classification     Non-Fiction Footprints International School Library Network Toul Tom Poung Campus Footprints International School Library Network Toul Tom Poung Campus TTP Primary Orange Bookshelves 08/26/2025   BRO 508.03 QH48 .B86 FIS04757 08/26/2025   3 08/26/2025 Books